|
|
|
|
| LEADER |
00000cam a2200000 7i4500 |
| 001 |
0000007752 |
| 002 |
000008322 |
| 005 |
.0 |
| 020 |
|
|
|a 9838990016
|
| 090 |
0 |
0 |
|a 613.0424
|b BLA
|
| 100 |
1 |
|
|a Black, Jules
|
| 245 |
1 |
0 |
|a Body talk :
|b an A-Z guide to women's health
|c Jules Black
|
| 260 |
|
|
|a Kuala Lumpur :
|b S.Abdul Majeed ,
|c 1993
|
| 300 |
|
|
|a 399p. ;
|c 23cm.
|
| 650 |
0 |
0 |
|a Women
|x Health and hygiene
|
| 999 |
|
|
|a 053031
|b BUKU
|c PINJAMAN
|e PERPUSTAKAAN KOMUNITI PETALING JAYA
|
| 999 |
|
|
|a 053032
|b BUKU
|c PINJAMAN
|e PERPUSTAKAAN KOMUNITI PETALING JAYA
|
| 999 |
|
|
|a 053033
|b BUKU
|c PINJAMAN
|e PERPUSTAKAAN KOMUNITI PETALING JAYA
|